000 01870cam a2200181 4500500
005 20260222001640.0
041 _afre
042 _adc
100 1 0 _aMinouflet, Alexis
_eauthor
700 1 0 _aHamouchi, Khelifa
_eauthor
700 1 0 _aAttier, Jadwiga
_eauthor
245 0 0 _aAnimal-assisted interventions for people with neurodegenerative disorders. Feedback in Geriatrics
260 _c2026.
500 _a62
520 _aThis article reports on the introduction of animal-assisted therapies in the treatment of neurodegenerative disorders in geriatric settings. For several decades, studies have shown the beneficial effects of human–animal interactions on health and well-being, supporting the integration of non-conventional therapies such as equine-assisted and canine-assisted therapies. These projects, carried out at the Centre Hospitalier de Saint-Quentin in France, include an equine-assisted therapy study currently underway with patients with Parkinson’s disease, as well as a canine-assisted protocol that has been prepared but is currently on hold. The article discusses the organizational, logistic, and administrative difficulties encountered in introducing these programs in the hospital setting, particularly regulatory obstacles associated with the presence of animals in health care establishments. Initial results are encouraging, but further quantitative data are needed to objectively measure the effectiveness of these interventions. This article invites reflection on the integration of animal-assisted therapies in geriatric care, highlighting their potential to promote patient-centered care and improve quality of life.
786 0 _nGérontologie et société | 47/ 178 | 3 | 2026-01-05 | p. 111-127 | 0151-0193
856 4 1 _uhttps://shs.cairn.info/journal-gerontologie-et-societe-2025-3-page-111?lang=en&redirect-ssocas=7080
999 _c1664540
_d1664540